| 000 | 00827nam a2200217 a 4500 | ||
|---|---|---|---|
| 005 | 20251105063856.0 | ||
| 008 | 031013s1991 mx r 000 0 spa d | ||
| 020 | _a8288123019 | ||
| 035 | _aUPN01000130070 | ||
| 049 | _aCG | ||
| 050 | 4 |
_aP221 _bH3.6 |
|
| 100 | 1 | _aHalle, Morris | |
| 245 | 1 | 0 |
_aProblemas de fonología : _blibro de ejercicios para cursos de introducción a la lingüística y a la fonología moderna / _cMorris Halle, G. N. Clements ; tr. Luis Guerra. |
| 260 |
_aMadrid : _bMinerva, _cc1991. |
||
| 300 | _aXVI, 241 p. | ||
| 534 |
_pTitulo original : _tProblem book in phonology. A workbook for introductory courses in linguistics and in modern phonology |
||
| 650 | 4 |
_aFonética _926793 |
|
| 650 | 4 |
_aLenguas modernas _xEstudio y enseñanza _918954 |
|
| 700 | 1 |
_aClements, G. N., _ecoaut. |
|
| 905 | _aLibro | ||
| 999 |
_c102227 _d102227 |
||